00437nam a2200181Ia 4500003000900000008004100009040001300050040001300063041000800076100002300084245007900107250002500186260000800211260000900219300001100228300001000239490000600249IT-RoPAU120407s9999 xx 000 0 und d aIT-RoPAU cIT-RoPAU aita aGerardo Cappelluti aIl Collegio Apostolico della Penitenzieria di Santa Maria Maggiore in Roma aCittà del Vaticano aLev c1988 a166 p. c19 cm v1